书目信息 |
| 题名: |
用于水泥中的火山灰质混合材料 GB/T 2847-1996
|
|
| 作者: | 国家技术监督局 | |
| 分册: | ||
| 出版信息: | 北京 中国标准出版社 1996.10 |
|
| 页数: | 4页 | |
| 开本: | 16开 | |
| 丛书名: | ||
| 单 册: | ||
| 中图分类: | TQ172.45 | |
| 科图分类: | ||
| 主题词: | 水泥--化学工业 | |
| 电子资源: | ||
| ISBN: | ||
| 000 | 00627nam0 2200193 45 | |
| 001 | 0009261678 | |
| 005 | 20000926161748.6 | |
| 010 | @d6.00元 | |
| 100 | @a20000926d1996 km y0chiy0120 ea | |
| 101 | 0 | @achi |
| 105 | @a z 000yy | |
| 200 | 1 | @a用于水泥中的火山灰质混合材料 GB/T 2847-1996@AYong Yu Shui Ni Zhong De Huo Shan Hui Zhi Hun He CaiLiao GB/T 2847-1996@f国家技术监督局@FGuo Jia Ji Shu Jian Du Ju |
| 210 | @a北京@c中国标准出版社@d1996.10 | |
| 215 | @a4页@d16开 | |
| 606 | 0 | @a水泥@x化学工业 |
| 690 | @aTQ172.45@v3 | |
| 701 | 0 | @a国家技术监督局 |
| 801 | @aCN@bPftUser@c20000926 | |
| 905 | @b154397-401@dTQ172.45@eG:347@f5 | |
| 用于水泥中的火山灰质混合材料 GB/T 2847-1996/国家技术监督局.-北京:中国标准出版社,1996.10 |
| 4页;16开 |
| ISBN :6.00元 |
| ● |
| 相关链接 |
|
|
|
正题名:用于水泥中的火山灰质混合材料GB/T 2847-19
索取号:TQ172.45/G:347
 
预约/预借
| 序号 | 登录号 | 条形码 | 馆藏地/架位号 | 状态 | 备注 |
| 1 | 154397 | 201543972 | 自科二线504/504自科库 10排1列3层/ [索取号:TQ172.45/G:347] | 在馆 | |
| 2 | 154398 | 201543981 | 自科二线504/201建筑库 37排2列5层/ [索取号:TQ172.45/G:347] | 在馆 | |
| 3 | 154399 | 201543990 | 自科二线504/201建筑库 37排2列5层/ [索取号:TQ172.45/G:347] | 在馆 | |
| 4 | 154400 | 201544007 | 自科二线504/201建筑库 37排2列5层/ [索取号:TQ172.45/G:347] | 在馆 | |
| 5 | 154401 | 201544016 | 自科二线504/201建筑库 37排2列5层/ [索取号:TQ172.45/G:347] | 在馆 |